Seriál : Odchýlky od racionality pri investovaní
Pokračovanie príspevku z predchádzajúceho čísla. Niektoré vybrané odchýlky.
Salvato in:
| Autore principale: | |
|---|---|
| Natura: | Capitolo di libro |
| Lingua: | slovacco |
| Soggetti: | |
| Tags: |
Nessun Tag, puoi essere il primo ad aggiungerne!!
|
MARC
| LEADER | 00000nla a2200000 4500 | ||
|---|---|---|---|
| 001 | 0188949 | ||
| 005 | 20240502073209.3 | ||
| 041 | 0 | |a slo | |
| 044 | |a SK | ||
| 245 | 1 | 0 | |a Seriál : Odchýlky od racionality pri investovaní |c Ctibor Pilch |
| 520 | |a Pokračovanie príspevku z predchádzajúceho čísla. Niektoré vybrané odchýlky. | ||
| 610 | 2 | 0 | |a trh finančný |
| 610 | 2 | 0 | |a procesy rozhodovacie |
| 610 | 2 | 0 | |a racionalita |
| 100 | 1 | |a Pilch, Ctibor, 1957- | |